Lingue dell'Italia - Statistics

Statistiche generali
  • Questo quiz è stato fatto 688 volte
  • Il punteggio medio è 11 su 24
Statistiche sulle risposte
Lingue Numero parlanti (circa) % Corretto
Italiano 58.000.000
92%
Napoletano 5.700.000
83%
Siciliano 4.700.000
81%
Sardo 1.000.000
78%
Francese 100.000
74%
Veneto 3.800.000
72%
Lombardo 3.600.000
67%
Piemontese 1.200.000
66%
Albanese d'Italia 100.000
58%
Emiliano e romagnolo 1.000.000
58%
Ladino 31.000
53%
Friulano 570.000
52%
Ligure 500.000
52%
Sloveno 100.000
47%
Greco d'Italia 20.000
45%
Croato 1.000
36%
Catalano algherese 44.000
28%
Bavarese, dialetti sudtirolesi 345.000
22%
Occitano 100.000
21%
Franco-provenzale 70.000
18%
Walser 3.500
12%
Gallurese 100.000
10%
Sassarese 100.000
10%
Gallo-italico di Sicilia 60.000
5%
Nessun quiz corrispondente trovato
Distribuzione punteggi
Percentuale di utenti per punteggio
Percentile per numero di risposta
I tuoi punteggi nel tempo
Non hai fatto questo quiz